Progresívna konštrukcia prstencového zhutňovacieho stroja

Uložené v:
Podrobná bibliografia
Hlavný autor: Blaško, Peter (Autor)
Ďalší autori: Šooš, Ľubomír (Vedúci práce)
Médium: Rukopis Kniha
Jazyk:Slovak
Vydavateľské údaje: 2018
Predmet:
On-line prístup:http://is.stuba.sk/zp/portal_zp.pl?podrobnosti=137772
Tagy: Pridať tag
Žiadne tagy, Buďte prvý, kto otaguje tento záznam!

MARC

LEADER 00000ntm a22000003a 4500
001 stuzp70759
003 SK-STU
005 20180820162230.8
007 ta
008 150427s2015----xo-----f-mn---000-0-slo-d
040 |a STU  |b slo 
041 0 |a slo 
100 1 |a Blaško, Peter  |u 020070  |4 aut  |U SjF Strojnícka fakulta  |T SjF Ústav výrobných systémov, enviromentálnej techniky a manažment kvality  |X 63412  |U J0070  |Y 804  |7 63412 
242 0 1 |a Progressive construction of an annular compaction machine  |y eng 
245 1 0 |a Progresívna konštrukcia prstencového zhutňovacieho stroja 
260 |c 2018 
650 4 |a prstencový zhutňovací stroj  |2 slo 
650 4 |a zhutňovacie stroje  |2 slo 
650 4 |a peletovacie stroje  |2 slo 
650 4 |a zhutňovanie  |2 slo 
650 4 |a výroba peliet  |2 slo 
650 4 |a pellet press machine  |2 eng 
650 4 |a pellet production  |2 eng 
650 4 |a an annular compaction machine  |2 eng 
650 4 |a compacting machine  |2 eng 
650 4 |a compacting  |2 eng 
700 1 |a Šooš, Ľubomír  |u 020070  |k Z1  |4 ths  |U SjF Strojnícka fakulta  |T SjF Ústav výrobných systémov, enviromentálnej techniky a manažment kvality  |X 2372  |U J0070  |Y 804  |7 A000002372 
856 4 |u http://is.stuba.sk/zp/portal_zp.pl?podrobnosti=137772 
996 |b 284J045490  |c J* 2850/DDP  |l JJSK  |s A  |a 24  |w stuzp70759_0001